Algunos aspectos históricos, sociológicos y espaciales del desarrollo de San José, 1630-1930
Salvato in:
| Autore principale: | |
|---|---|
| Natura: | testo |
| Pubblicazione: |
Guatemala :
|
| Tags: |
Aggiungi Tag
Nessun Tag, puoi essere il primo ad aggiungerne!!
|
MARC
| LEADER | 00000 a a2200000 04500 | ||
|---|---|---|---|
| 001 | 19182 | ||
| 003 | |||
| 040 | |||
| 090 | |a 019000 | ||
| 100 | |a Vega Carballo, José Luis | ||
| 245 | |a Algunos aspectos históricos, sociológicos y espaciales del desarrollo de San José, 1630-1930 | ||
| 260 | |a Guatemala : | ||
| 300 | |a 27 p. | ||
| 999 | |c 13555 |d 13555 | ||
